000 00597nam a2200193Ia 4500
001 8144
003 GE_BSU
008 181216s||||||||xx |||||||||||||| ||und||
040 _cGE_BSU
245 _aМировая экономика и международные отношения.№9. 2013.
245 _b№9 Сентябрь, 2013
245 _cГл. ред. А.В.Рябов.
260 _aМосква
260 _bНаука
260 _c2013
300 _a128ст;29см.
653 _aМировая экономика и международные отношения
942 _cCR
999 _c41477
_d41477